RETAIL MANAGEMENT TEXT &CASES (Record no. 8039)

MARC details
000 -LEADER
fixed length control field 00427nam a22001697a 4500
005 - DATE AND TIME OF LATEST TRANSACTION
control field 20221215122826.0
008 - FIXED-LENGTH DATA ELEMENTS--GENERAL INFORMATION
fixed length control field 221215b |||||||| |||| 00| 0 eng d
020 ## - INTERNATIONAL STANDARD BOOK NUMBER
ISBN 978-93-5495-617-1
041 ## - LANGUAGE CODE
Language code of text/sound track or separate title eng
082 ## - DEWEY DECIMAL CLASSIFICATION NUMBER
Classification number 658.87-NAI-R
100 ## - MAIN ENTRY--AUTHOR NAME
Personal name NAIR , Dr. SUJA .R
245 ## - TITLE STATEMENT
Title RETAIL MANAGEMENT TEXT &CASES
250 ## - EDITION STATEMENT
Edition statement 2nd ed.
260 ## - PUBLICATION, DISTRIBUTION, ETC. (IMPRINT)
Place of publication MUMBAI
Name of publisher HIMALAYA PUBLISING HOUSE
Year of publication 2022
300 ## - PHYSICAL DESCRIPTION
Number of Pages 548;P.
942 ## - ADDED ENTRY ELEMENTS (KOHA)
Koha item type Books
Holdings
Lost status Damaged status Home library Current library Date acquired Source of acquisition Cost, normal purchase price Full call number Accession Number Koha item type
    JRU Library   06/10/2022 DONATED 725.00 658.87-NAI-R 26859 Books